Progress and prospects of development of rubber plantations in non-traditional regions in India (Record no. 49834)

MARC details
000 -LEADER
fixed length control field 00463nam a2200133Ia 4500
100 ## - MAIN ENTRY--AUTHOR NAME
Personal name Jacob
245 #0 - TITLE STATEMENT
Title Progress and prospects of development of rubber plantations in non-traditional regions in India
260 ## - PUBLICATION, DISTRIBUTION, ETC. (IMPRINT)
Name of publisher Souvenir, Rubber Planters' Conference India, 1974, Kottayam, India, pp. 26-32.
Year of publication 1974
300 ## - PHYSICAL DESCRIPTION
Number of Pages 26-32
650 ## - SUBJECT ADDED ENTRY--TOPICAL TERM
Topical Term Non traditional region
650 ## - SUBJECT ADDED ENTRY--TOPICAL TERM
Topical Term Rubber plantation
942 ## - ADDED ENTRY ELEMENTS (KOHA)
Koha item type Bibliography STAF
100 ## - MAIN ENTRY--AUTHOR NAME
-- K.T.
Holdings
Withdrawn status Lost status Damaged status Not for loan Home library Current library Shelving location Date acquired Koha item type
      Bibliography RRII Library RRII Library Economics 09/04/2014 Bibliography STAF